00892nam a2200253 a 450000100100000000500170001000800410002702000150006804000250008308200250010810000270013324500950016025000110025526000560026630000350032250000220035765000380037965000340041765000310045191000070048204900090048995201230049899900170062100002292720250701132841.0101123s2001 ck a 001 0 spa d a9586990230 aDO-SdBNPbspacBNPHU a658.421bV293i, 20011 aVarela, Rodrigo94713810aInnovación empresarial :barte y ciencia en la creación de empresas /cRodrigo Varela. a2a ed. aBogotá :bPearson Educación de Colombia,c2001. axviii, 382 p. :bil. ;c25 cm. aIncluye índice. 0aAdministración industrial95872 0aDesarrollo económico985548 4aEconomía gerencial98305 aWM aBNGR 001050718MOaGRbGRcHDd2010-11-23iLF1l0o658.421 V293i, 2001p22927-10r2020-06-25w2020-06-25y1ZNo se presta c22424d22424